Music Quiz

Random Music or Album Quiz

Ill Nino songs Quiz Stats

 Plays Quiz not verified by Sporcle

Challenge
Share
Tweet
Embed
Score 0/118 Timer 20:00
0 Plays Today
Album Your Answer % Correct
Revolution/RevoluciónGod Save Us
77.8%
Revolution/RevoluciónGod Save Us
77.8%
ConfessionHow Can I Live
77.8%
ConfessionTwo Vaya Con Dios
77.8%
One Nation UndergroundThis Is War
77.8%
EnigmaRed Rain
77.8%
The Under Cover SessionsRed Rain
77.8%
Revolution/RevoluciónUnreal
66.7%
Revolution/RevoluciónWhat Comes Around
66.7%
Revolution/RevoluciónLiar
66.7%
Revolution/RevoluciónRumba
66.7%
Revolution/RevoluciónI Am Loco
66.7%
Revolution/RevoluciónNo Murder
66.7%
Revolution/RevoluciónRevolution
66.7%
Revolution/RevoluciónWith You
66.7%
Revolution/RevoluciónWhat Comes Around
66.7%
Revolution/RevoluciónUnreal
66.7%
ConfessionUnframed
66.7%
One Nation UndergroundDe la Vida
66.7%
One Nation UndergroundMy Pleasant Torture
66.7%
Ill Niño EPRumba
66.7%
Revolution/RevoluciónIf You Still Hate Me
55.6%
Revolution/RevoluciónPredisposed
55.6%
Revolution/RevoluciónRip Out Your Eyes
55.6%
ConfessionTe Amo...I Hate You
55.6%
ConfessionThis Time's for Real
55.6%
ConfessionNumb
55.6%
ConfessionLetting Go
55.6%
One Nation UndergroundWhat You Deserve
55.6%
One Nation UndergroundTurns to Gray
55.6%
One Nation UndergroundAll I Ask For
55.6%
One Nation UndergroundViolent Saint
55.6%
EnigmaThe Alibi of Tyrants
55.6%
EnigmaMe Gusta La Soledad
55.6%
Enigma2012
55.6%
EnigmaZombie Eaters
55.6%
EnigmaReservation for Two
55.6%
Ill Niño EPNothing's Clear
55.6%
The Under Cover SessionsZombie Eaters
55.6%
The Under Cover SessionsReservation for Two
55.6%
Album Your Answer % Correct
Revolution/RevoluciónFallen
44.4%
Revolution/RevoluciónEye for An Eye
44.4%
ConfessionCleansing
44.4%
ConfessionLifeless...Life...
44.4%
ConfessionHave You Ever Felt
44.4%
ConfessionWhen It Cuts
44.4%
ConfessionAll the Right Words
44.4%
ConfessionRe-Birth
44.4%
One Nation UndergroundMy Resurrection
44.4%
One Nation UndergroundLa Liberación of Our Awakening
44.4%
One Nation UndergroundEverything Beautiful
44.4%
One Nation UndergroundIn This Moment
44.4%
One Nation UndergroundBarely Breathing
44.4%
EnigmaPieces of the Sun
44.4%
EnigmaFinger Painting (With the Enemy)
44.4%
EnigmaMarch Against Me
44.4%
EnigmaCompulsion of Virus and Fever
44.4%
EnigmaFormal Obsession
44.4%
EnigmaHot Summer's Tragedy
44.4%
EnigmaArrastra
44.4%
EnigmaTerritorial Pissings
44.4%
Dead New WorldGod Is for the Dead
44.4%
Dead New WorldAgainst the Wall
44.4%
EpidemiaLa Epidemia
44.4%
EpidemiaDeath Wants More
44.4%
EpidemiaForgive Me Father
44.4%
Ill Niño EPDisposed
44.4%
Ill Niño EPFallen
44.4%
Ill Niño EPEl Niño
44.4%
The Under Cover SessionsArrastra
44.4%
The Under Cover SessionsTerritorial Pissings
44.4%
El Niño EPEl Niño
44.4%
El Niño EPEl Niño
44.4%
One Nation UndergroundFrustrated
33.3%
EnigmaGuerrilla Carnival
33.3%
EnigmaEstoy Perdido
33.3%
EnigmaDe Sangre Hermosa
33.3%
Dead New WorldThe Art of War
33.3%
Dead New WorldMi Revolución
33.3%
Dead New WorldBleed Like You
33.3%
Album Your Answer % Correct
Dead New WorldRitual
33.3%
Dead New WorldBullet with Butterfly Wings
33.3%
EpidemiaThe Depression
33.3%
EpidemiaOnly the Unloved
33.3%
EpidemiaEva
33.3%
EpidemiaDemi-God
33.3%
EpidemiaInvisible People
33.3%
Till Death La FamiliaLive Like There's No Tomorrow
33.3%
Till Death La FamiliaNot Alive In My Nightmare
33.3%
Till Death La FamiliaI'm Not The Enemy
33.3%
Till Death La FamiliaBlood Is Thicker Than Water
33.3%
Till Death La FamiliaWorld So Cold
33.3%
Till Death La FamiliaPayaso
33.3%
Till Death La FamiliaMy Bullet
33.3%
Ill Niño EPGod Is I
33.3%
El Niño EPGod Is I
33.3%
One Nation UndergroundCorazón of Mine
22.2%
Dead New WorldServe the Grave
22.2%
Dead New WorldIf You Were Me
22.2%
Dead New WorldKilling You, Killing Me
22.2%
Dead New WorldHow Could I Believe
22.2%
Dead New WorldScarred
22.2%
EpidemiaEscape
22.2%
EpidemiaTime Won't Save You
22.2%
Till Death La FamiliaAre We So Innocent
22.2%
Till Death La FamiliaPray I Don't Find You
22.2%
Till Death La FamiliaDead Friends
22.2%
Till Death La FamiliaBreaking The Rules
22.2%
Ill Niño EPPart of the Signs
22.2%
El Niño EPCan I Live
22.2%
El Niño EPWarrior Soul
22.2%
ConfessionComo Puedo Vivir
11.1%
EnigmaKellogg's, Bombs, & Cracker Jacks
11.1%
El Niño EPWith Zen
11.1%
El Niño EPI Believe
11.1%
El Niño EPBuscando Una Pelea
11.1%
El Niño EPDon't Punish Me
11.1%
El Niño EPContribution
11.1%

You're not logged in!

Compare scores with friends on all Sporcle quizzes.
Join for Free
OR
Log In

You Might Also Like...

Show Comments

Extras

Top Quizzes Today


Score Distribution

Your Account Isn't Verified!

In order to create a playlist on Sporcle, you need to verify the email address you used during registration. Go to your Sporcle Settings to finish the process.

Report this User

Report this user for behavior that violates our Community Guidelines.

Details: